000 02022nam a22002897a 4500
999 _c62747
_d62747
003 Ge_BSU
005 20250205105824.0
008 250204s2024 ge ||||| |||| 00| 0 geo d
020 _a9789941488993
041 _ageo
080 _a634.31/34(075.8) მ-91
245 _aმუტაციები და ფორმათწარმოქმნის თავისებურებები ციტრუსოვნებში :
_bდამხმარე სახელმძღვანელო /
_c ავტ: გურამ მემარნე, ნელი ხალვაში, მზიური გაბაიძე, ცისანა ქაშაკაშვილი, რედ. დ.ბარათაშვილი
264 _aბათუმი:
_bბათუმის შოთა რუსთაველის სახელმწიფო უნივერსიტეტი,
_c2024.
300 _a322 გვ.:
_bილ, ცხრ;
_c22სმ.
500 _aდამხმარე სახელმძღვ. განკუთვნილია აგრარული და ბიოლოგიური პროფილის სტუდენტებისათვის
504 _aბიბლიოგრაფ.გვ: 281-318
520 _aრეზ.ინგლ.ენ.
653 _aმუტაციები და ფორმათწარმოქმნის თავისებურებები ციტრუსოვნებში :
653 _aციტრუსები
653 _aსოფლის მეურნეობა
700 _aმემარნე, გურამ
_92550
700 _aხალვაში, ნელი
_924119
700 _aგაბაიძე, მზიური
_924261
700 _aქაშაკაშვილი, ცისანა
_924262
700 _aბარათაშვილი, დავით
_eრედაქტორი
_91718
942 _2udc
_cᲬᲘᲒᲜᲘ